<?xml version="1.0" encoding="UTF-8"?>
<record
    xmlns:xsi="http://www.w3.org/2001/XMLSchema-instance"
    xsi:schemaLocation="http://www.loc.gov/MARC21/slim http://www.loc.gov/standards/marcxml/schema/MARC21slim.xsd"
    xmlns="http://www.loc.gov/MARC21/slim">

  <leader>02037nam a2200397 i 4500</leader>
  <controlfield tag="001">80161</controlfield>
  <controlfield tag="003">ES-MaACL</controlfield>
  <controlfield tag="005">20251003195005.0</controlfield>
  <controlfield tag="007">t|</controlfield>
  <controlfield tag="008">041026m19251927sp       e    00110 spa d</controlfield>
  <datafield tag="080" ind1=" " ind2=" ">
    <subfield code="a">502(031)</subfield>
  </datafield>
  <datafield tag="245" ind1="0" ind2="0">
    <subfield code="a">Historia natural : </subfield>
    <subfield code="b">vida de los animales, de las plantas y de la Tierra / </subfield>
    <subfield code="c">pr&#xF3;logo de Ignacio Bol&#xED;var.</subfield>
  </datafield>
  <datafield tag="260" ind1=" " ind2=" ">
    <subfield code="a">Barcelona : </subfield>
    <subfield code="b">J. Gallach, </subfield>
    <subfield code="c">[1925-1927] (</subfield>
    <subfield code="f">Imp. Elzeviriana)</subfield>
  </datafield>
  <datafield tag="300" ind1=" " ind2=" ">
    <subfield code="a">4 v. : </subfield>
    <subfield code="b">il. ; </subfield>
    <subfield code="c">30 cm.</subfield>
  </datafield>
  <datafield tag="505" ind1="8" ind2=" ">
    <subfield code="a">Contiene:  I. Zoolog&#xED;a (Vertebrados) / por &#xC1;ngel Cabrera, Joaqu&#xED;n Maluquer y Luis Lozano (518 p., 9 l&#xE1;m.) --  II. Zoolog&#xED;a (Invertebrados) / por Enrique Rioja Lo-Bianco, C&#xE1;ndido Bol&#xED;var y Pieltain, Gonzalo Ceballos, P. Ambrosio Fern&#xE1;ndez y P. Agust&#xED;n Barreiro (518 p., 9 l&#xE1;m.) -- III. Bot&#xE1;nica / por Romualdo Gonz&#xE1;lez Fragoso, P. Alfonso Luisier y P&#xED;o Font Quer (519 p., 9 l&#xE1;m.) -- IV. Geolog&#xED;a / por Rafael Candel Vila, Lucas Fern&#xE1;ndez Navarro, Francisco Hern&#xE1;ndez-Pacheco y Eduardo Hern&#xE1;ndez-Pacheco (619 p., 7 l&#xE1;m.)</subfield>
  </datafield>
  <datafield tag="650" ind1=" " ind2="4">
    <subfield code="a">Ciencias naturales-</subfield>
    <subfield code="v">Enciclopedias.</subfield>
    <subfield code="9">10986</subfield>
  </datafield>
  <datafield tag="650" ind1=" " ind2="7">
    <subfield code="a">Zoolog&#xED;a</subfield>
    <subfield code="2">embne</subfield>
    <subfield code="9">17868</subfield>
  </datafield>
  <datafield tag="650" ind1=" " ind2="7">
    <subfield code="a">Bot&#xE1;nica</subfield>
    <subfield code="2">embne</subfield>
    <subfield code="9">10610</subfield>
  </datafield>
  <datafield tag="650" ind1=" " ind2="7">
    <subfield code="a">Geolog&#xED;a</subfield>
    <subfield code="2">embne</subfield>
    <subfield code="9">13086</subfield>
  </datafield>
  <datafield tag="700" ind1="1" ind2=" ">
    <subfield code="a">Bol&#xED;var, Ignacio, </subfield>
    <subfield code="d">1850-1944</subfield>
    <subfield code="9">29963</subfield>
  </datafield>
  <datafield tag="700" ind1="1" ind2=" ">
    <subfield code="a">Cabrera, &#xC1;ngel, </subfield>
    <subfield code="d">1879-1960</subfield>
    <subfield code="9">33276</subfield>
  </datafield>
  <datafield tag="700" ind1="1" ind2=" ">
    <subfield code="a">Maluquer i Sostres, Joaquim, </subfield>
    <subfield code="d">1930-</subfield>
    <subfield code="9">165373</subfield>
  </datafield>
  <datafield tag="700" ind1="1" ind2=" ">
    <subfield code="a">Rioja Lo Bianco, Enrique.</subfield>
    <subfield code="9">97350</subfield>
  </datafield>
  <datafield tag="700" ind1="1" ind2=" ">
    <subfield code="a">Bol&#xED;var Pieltain, C&#xE1;ndido,</subfield>
    <subfield code="d">1896-1976</subfield>
    <subfield code="9">142326</subfield>
  </datafield>
  <datafield tag="700" ind1="1" ind2=" ">
    <subfield code="a">Ceballos y Fern&#xE1;ndez de C&#xF3;rdoba, Gonzalo.</subfield>
    <subfield code="9">142460</subfield>
  </datafield>
  <datafield tag="700" ind1="1" ind2=" ">
    <subfield code="a">Fern&#xE1;ndez, Ambrosio.</subfield>
    <subfield code="9">165374</subfield>
  </datafield>
  <datafield tag="700" ind1="1" ind2=" ">
    <subfield code="a">Gonz&#xE1;lez Fragoso, Romualdo.</subfield>
    <subfield code="9">58637</subfield>
  </datafield>
  <datafield tag="700" ind1="1" ind2=" ">
    <subfield code="a">Luisier, Alfonso.</subfield>
    <subfield code="9">165375</subfield>
  </datafield>
  <datafield tag="700" ind1="1" ind2=" ">
    <subfield code="a">Font Quer, P. (</subfield>
    <subfield code="d">1888-1964)</subfield>
    <subfield code="9">51574</subfield>
  </datafield>
  <datafield tag="700" ind1="1" ind2=" ">
    <subfield code="a">Candel Vila, Rafael.</subfield>
    <subfield code="9">34451</subfield>
  </datafield>
  <datafield tag="700" ind1="1" ind2=" ">
    <subfield code="a">Fern&#xE1;ndez Navarro, Lucas,</subfield>
    <subfield code="d">1869-1930</subfield>
    <subfield code="9">49953</subfield>
  </datafield>
  <datafield tag="700" ind1="1" ind2=" ">
    <subfield code="a">Hern&#xE1;ndez-Pacheco, Eduardo,</subfield>
    <subfield code="d">1872-1965</subfield>
    <subfield code="9">63012</subfield>
  </datafield>
  <datafield tag="700" ind1="1" ind2=" ">
    <subfield code="a">Hern&#xE1;ndez-Pacheco, Francisco, </subfield>
    <subfield code="d">1899-1976</subfield>
    <subfield code="9">63010</subfield>
  </datafield>
  <datafield tag="852" ind1="4" ind2=" ">
    <subfield code="a">ES-MaACL</subfield>
    <subfield code="j">B-1718-21</subfield>
  </datafield>
  <datafield tag="999" ind1=" " ind2=" ">
    <subfield code="c">80161</subfield>
    <subfield code="d">80161</subfield>
  </datafield>
  <datafield tag="952" ind1=" " ind2=" ">
    <subfield code="0">0</subfield>
    <subfield code="1">0</subfield>
    <subfield code="4">0</subfield>
    <subfield code="7">0</subfield>
    <subfield code="a">ATENEOM</subfield>
    <subfield code="b">ATENEOM</subfield>
    <subfield code="c">SPB</subfield>
    <subfield code="d">2008-01-17</subfield>
    <subfield code="e">SC</subfield>
    <subfield code="l">0</subfield>
    <subfield code="o">B-1718-21</subfield>
    <subfield code="p">1083812</subfield>
    <subfield code="r">2023-02-23 00:00:00</subfield>
    <subfield code="w">2023-02-23</subfield>
    <subfield code="y">MONOGRAFIA</subfield>
  </datafield>
</record>
